| 000 | 01210nam a2200325 a 4500 | ||
|---|---|---|---|
| 001 | 0000428 | ||
| 003 | DO-SdBNP | ||
| 005 | 20240724125949.0 | ||
| 007 | 0000428 | ||
| 008 | 091125s2007 sp a 000 0 spa d | ||
| 020 | _a9788434225268 | ||
| 040 |
_aBPMSU _bspa _cBPMSU |
||
| 082 | 4 |
_a745.5 _bM378i 2007 _222 |
|
| 100 | 1 | _aMartí i Garbayo, Mónica. | |
| 245 | 1 | 0 |
_aInstrumentos musicales : _bactividades creativas para la educación infantil / _ctextos y realización de ejercicios Mónica Martí i Garbayo e Isabel Sanz Muelas ; ilustraciones Jairo Ribero ; Soto, Corel, Norbert Foto. |
| 250 | _33a. ed. | ||
| 260 |
_aBarcelona: _bParramón Ediciones, _c2007 |
||
| 300 |
_a48 p. : _bil. ; _c29 cm. _e |
||
| 490 | 0 | _aManitas artísticas | |
| 500 | _aIncluye plantillas. | ||
| 590 | _aInventariado, 2024/VM | ||
| 650 | 4 |
_aInstrumentos musicales _xProducción artesanal. |
|
| 650 | 4 | _aTrabajos manuales (Educación ambiental) | |
| 700 | 1 |
_aSanz Muelas, Isabel. _eautor |
|
| 700 | 1 |
_aRibero, Jairo _eilustraciones |
|
| 710 | 2 | _aParramón Ediciones | |
| 740 | 0 | 2 | _aActividades creativas para la educación infantil. |
| 910 | _a VMateo V. Control de calidad. BPMSU | ||
| 942 |
_2ddc _cBK |
||
| 999 |
_c14752 _d14752 |
||